000 00602nam a2200229Ia 4500
003 OSt
005 20220924113144.0
006 a|||||r|||| 00| 0
007 ta
008 220923b |||||||| |||| 00| 0 eng d
024 _a132997
037 _cDictionary
040 _aARTS
_cARTS
_beng
041 _2eng
_aeng
082 _aW691k, L2
100 _aBhattacharya P K
_9169587
245 0 _aDictionary of communism
260 _aCalcutta
_bAdi Mudrani
_c1972
650 _aPOLITICAL SCIENCE
942 _hW691k, L2
_cdic
_2cc
999 _c389385
_d389385